000 00537nam a22001812 4500
001 0000005383
005 20151217155827.0
008 070612s xx 000 0 eng d
040 _aKABU
_cKABU
050 0 _aZ858
_b.K33M37
100 1 _aMarinai, Maurine Jepchumba.
_@0000156672
245 1 0 _aProvision of circulation services at Kabarak University Library.
300 _a 49 leaves.
610 2 0 _aKabarak University Library.
_@0000156666
908 _a070612
950 _@1
999 _c12970
_d12970